Normal view
MARC view
Entry Nombre de reunión
001 - NÚMERO DE CONTROL
- campo de control: 58079
003 - IDENTIFICADOR DEL NÚMERO DE CONTROL
- campo de control: OSt
005 - FECHA Y HORA DE LA ÚLTIMA TRANSACCIÓN
- campo de control: 20200615034940.0
008 - DATOS DE LONGITUD FIJA
- campo de control de longitud fija: 200615|| aca||aabn | a|a d
040 ## - FUENTE DE LA CATALOGACIÓN
- Centro catalogador/agencia de origen: OSt
- Centro/agencia transcriptor: OSt
111 ## - ENCABEZAMIENTO--NOMBRE DE CONGRESO/REUNIÓN
- Nombre de congreso/reunión o jurisdicción como elemento de entrada: Congreso Nacional de Padres, Madres y Amigos de la Escuela
- Sede del congreso/Lugar de la reunión: (Santo Domingo
- Fecha del congreso/reunión: 1994
- Número del congreso/reunión o número de parte o sección: 3-5 de marzo )
670 ## - FUENTE DE DATOS ENCONTRADOS
- Cita de la fuente: Work cat.: (OSt)31359: Congreso Nacional de Padres, Madres y Amigos de la Escuela (Santo Domingo 1994 3-5 de marzo ), Mensaje del honorable señor presidente de la República Dr. Joaguín Balaguer., 1994.
